Sis - Clairo (Lyrics) - Statistics

General Stats
  • This quiz has been taken 2 times
  • The average score is 39 of 49
Answer Stats
Answer % Correct
a
100%
a
100%
about
100%
always
100%
are
100%
are
100%
body
100%
bones
100%
brittle
100%
egos
100%
feathers
100%
hold
100%
kiss
100%
me
100%
me
100%
mend
100%
more
100%
my
100%
my
100%
my
100%
sister
100%
sleep
100%
so
100%
tell
100%
tender
100%
to
100%
together
100%
touches
100%
your
100%
your
100%
bottle
50%
calluses
50%
cellphone
50%
feelings
50%
fragile
50%
in
50%
mild
50%
next
50%
paralysis
50%
rough
50%
ship
50%
sin
50%
skin
50%
soft
50%
unbroken
50%
under
50%
with
50%
blown
0%
collapses
0%
No matching quizzes found
Score Distribution
Percent of People with Each Score
Percentile by Number Answered
Your Score History
You have not taken this quiz